Ricostruisci la Carriera del Calciatore - Jordan Veretout - Statistics

Statistiche generali
  • Questo quiz è stato fatto 3 volte
  • Il punteggio medio è 4 su 6
Statistiche sulle risposte
Hint Risposta % Corretto
2022- Olympique Marsiglia
100%
2019-2022 Roma
100%
2015-2016 Aston Villa
50%
2017-2019 Fiorentina
50%
2016-2017 Saint-Étienne
50%
2011-2015 Nantes
0%
Nessun quiz corrispondente trovato
Distribuzione punteggi
Percentuale di utenti per punteggio
Percentile per numero di risposta
I tuoi punteggi nel tempo
Non hai fatto questo quiz